Statistiche per Bandiere dell'Europa

Clicka qui per fare il quiz!

Statistiche generali

  • Questo quiz è stato fatto 3.386 volte
  • Il punteggio medio è 37 su 45

Statistiche sulle risposte

Risposta% Corretto
Italia
100%
Germania
99%
Spagna
98%
Irlanda
98%
Regno Unito
98%
Francia
97%
Svezia
95%
Finlandia
95%
Grecia
95%
Norvegia
94%
Svizzera
91%
Albania
90%
Belgio
89%
Russia
89%
Portogallo
88%
Danimarca
87%
Polonia
86%
Città del Vaticano
86%
Macedonia del Nord
86%
Paesi Bassi
86%
Romania
85%
Islanda
84%
San Marino
84%
Austria
81%
Ungheria
81%
Ucraina
80%
Croazia
79%
Repubblica Ceca
78%
Malta
77%
Lussemburgo
75%
Bulgaria
75%
Estonia
75%
Lettonia
72%
Serbia
70%
Bosnia ed Erzegovina
70%
Slovenia
69%
Monaco
69%
Slovacchia
69%
Kosovo
69%
Lituania
67%
Moldavia
65%
Bielorussia
65%
Montenegro
65%
Andorra
64%
Liechtenstein
59%

Distribuzione punteggi

Percentile per numero di risposta

Percentuale di utenti per punteggio

I tuoi punteggi nel tempo

Non hai fatto questo quiz